000
00210nam a2200109Ia 4500
100
_a
HARDING T.SWANN.
942
_c
BK
245
_a
POPULAR PACIFIC FRAUD.
260
_b
#N/A
546
_a
ENGLISH
999
_c
19973
_d
19973